វារីចេះហើរ / (Record no. 1166)
[ view plain ]
| 000 -LEADER | |
|---|---|
| fixed length control field | 01345nam a22002777a 4500 |
| 005 - DATE AND TIME OF LATEST TRANSACTION | |
| control field | 20230808111529.0 |
| 020 ## - INTERNATIONAL STANDARD BOOK NUMBER | |
| International Standard Book Number | 9789924341598 |
| 040 ## - CATALOGING SOURCE | |
| Original cataloging agency | FISKH |
| Language of cataloging | eng |
| Transcribing agency | FISKH |
| Modifying agency | FISKH |
| 082 ## - DEWEY DECIMAL CLASSIFICATION NUMBER | |
| Classification number | 398.21 |
| 100 ## - MAIN ENTRY--PERSONAL NAME | |
| Personal name | Sovanrothana, Shin |
| 245 ## - TITLE STATEMENT | |
| Title | វារីចេះហើរ / |
| 260 ## - PUBLICATION, DISTRIBUTION, ETC. | |
| Place of publication, distribution, etc. | Phnom Penh : |
| Name of publisher, distributor, etc. | Sipar, |
| Date of publication, distribution, etc. | 2022. |
| 300 ## - PHYSICAL DESCRIPTION | |
| Extent | 24 pages: |
| Other physical details | color illustrations ; |
| Dimensions | 22 cm |
| 490 ## - SERIES STATEMENT | |
| Series statement | ខ្ញុំចេះអាន |
| 505 ## - FORMATTED CONTENTS NOTE | |
| Formatted contents note | G |
| 520 ## - SUMMARY, ETC. | |
| Summary, etc. | ក្នុងពេលកំពុងរៀនហើរជាមួយមិត្ត ផារ៉ាត្រូវបានសត្វស្ទាំងឆាបយកទៅ។ ឃើញដូច្នេះ វារីក៏ហក់ទៅជួយ បន្ទាប់មកវាក៏អាចហើរបានចាប់តាំងពីពេលនោះមក ។ |
| 520 ## - SUMMARY, ETC. | |
| Summary, etc. | While learning how to fly, Phara, a friend of Vary was taken by a hawk. As Vary saw that, he jumped to help his friend, then he knew how to fly also. |
| 521 ## - TARGET AUDIENCE NOTE | |
| Target audience note | 380 <br/> |
| Source | Lexile estimate <br/> |
| 521 ## - TARGET AUDIENCE NOTE | |
| Target audience note | G <br/> |
| Source | Raz-Plus <br/> |
| 650 ## - SUBJECT ADDED ENTRY--TOPICAL TERM | |
| Topical term or geographic name entry element | វារី |
| Form subdivision | មិត្តភាព |
| General subdivision | ហោះ |
| 650 ## - SUBJECT ADDED ENTRY--TOPICAL TERM | |
| Topical term or geographic name entry element | Vary |
| Form subdivision | Relationship |
| General subdivision | Fly |
| 700 ## - ADDED ENTRY--PERSONAL NAME | |
| Personal name | Sopheap, Siet |
| Titles and other words associated with a name | illustrator |
| 942 ## - ADDED ENTRY ELEMENTS (KOHA) | |
| Source of classification or shelving scheme | Dewey Decimal Classification |
| Koha item type | Books |
| Suppress in OPAC | No |
| 999 ## - | |
| -- | 1166 |
| -- | 1166 |
| Withdrawn status | Lost status | Source of classification or shelving scheme | Damaged status | Not for loan | Collection | Home library | Current library | Shelving location | Date acquired | Total Checkouts | Full call number | Barcode | Date last seen | Date last checked out | Copy number | Price effective from | Koha item type |
|---|---|---|---|---|---|---|---|---|---|---|---|---|---|---|---|---|---|
| Dewey Decimal Classification | Khmer Language Books / សៀវភៅភាសាខ្មែរ | Footprints International School Library Network Toul Kork Campus | Footprints International School Library Network Toul Kork Campus | TK Campus, Room B402, Khmer Book Case 16, Shelves 112-123 / ទូរសៀវភៅខ្មែរលេខ ១៦ ធ្នើរ ១១២ ដល់ ១២៣ បន្ទប់ B402 សាខាទួលគោក | 08/07/2023 | 4 | SOV 398.21 | 2023-0191 | 02/02/2026 | 01/13/2026 | 1 | 08/07/2023 | Books | ||||
| Dewey Decimal Classification | Khmer Language Books / សៀវភៅភាសាខ្មែរ | Footprints International School Library Network Toul Kork Campus | Footprints International School Library Network Toul Kork Campus | TK Campus, Room B402, Khmer Book Case 16, Shelves 112-123 / ទូរសៀវភៅខ្មែរលេខ ១៦ ធ្នើរ ១១២ ដល់ ១២៣ បន្ទប់ B402 សាខាទួលគោក | 08/07/2023 | 1 | SOV 398.21 | 2023-0192 | 06/09/2025 | 02/14/2025 | 2 | 08/07/2023 | Books |
